[Event "Olympiad-33"]
[Site "Elista"]
[Date "1998.10.11"]
[Round "12"]
[White "Shabalov, Alexander"]
[Black "Istratescu, Andrei"]
[Result "1-0"]
[WhiteElo "2645"]
[BlackElo "2540"]
[Annotator "Atlas,V"]
[PlyCount "55"]
[EventDate "1998.09.29"]
[EventType "team-swiss"]
[EventRounds "13"]
[EventCountry "RUS"]
[SourceTitle "CBM 068"]
[Source "ChessBase"]
[SourceDate "1999.02.01"]
[SourceVersion "1"]
[SourceVersionDate "1999.02.01"]
[SourceQuality "1"]
[WhiteTeam "US of America"]
[BlackTeam "Romania"]
[WhiteTeamCountry "USA"]
[BlackTeamCountry "ROU"]

{[%mdl 4]} 1. e4 c5 2. Nf3 d6 3. d4 cxd4 4. Nxd4 Nf6 5. Nc3 a6 6. Rg1 $5 {
This rare move increasingly gains popularity in the modern practice.} Nc6 (6...
b5 7. g4 e6 8. g5 Nfd7 9. Rg3 Bb7 10. a3 Be7 11. Bg2 Nc6 12. f4 Nxd4 13. Qxd4
O-O 14. Qf2 Rc8 15. Be3 Rxc3 16. bxc3 Qc7 17. Kf1 Qc4+ 18. Kg1 Bxe4 {1/2-1/2
Zvjaginsev,V-Ivanchuk,V/Elista 1998/CBM 65_03 (46)}) 7. g4 e6 (7... Nxd4 8.
Qxd4 e5 9. Qd1 Be6 10. g5 Nd7 11. Qf3 Rc8 12. Bh3 Be7 13. Be3 Rxc3 14. bxc3 Qc7
15. Bxe6 Qxc3+ 16. Kf1 fxe6 17. Kg2 Qc4 {1-0 Zvjaginsev,V-Ivanchuk,V/Elista
1998/CBM 65_03 (37)}) 8. g5 Nd7 9. Be3 Qc7 10. f4 (10. h4 b5 11. h5 Nc5 12. a3
Ne5 13. f4 Nc4 14. Bxc4 bxc4 15. Qe2 Rb8 16. Rb1 Nd7 17. g6 hxg6 {1-0
Bardacheva,A-Pahor,A/Tallinn 1997/EXT 98 (17)}) 10... b5 (10... Na5 11. Qe2 b5
12. O-O-O b4 13. Nd5 exd5 14. exd5 Nc5 15. Bd2+ Be7 16. Bxb4 O-O 17. Kb1 Bd7
18. f5 Rab8 19. a3 Rfe8 20. Qf3 Bf8 {0-1 Sulskis,S-Thallinger,H/Aschach op
1993/EXT 97 (42)}) 11. Nxc6 $1 ({An important alternative to the standard
continuations:} 11. a3 Rb8 12. Qd2 Nc5 13. b4 Nxd4 14. Qxd4 Nd7 15. Rd1 Bb7 16.
Bh3 Rc8 17. Rd3 Qb8 18. Qa7 $2 Nc5 $1 $17 19. Qxb8 Nxd3+ 20. cxd3 Rxb8 21. f5
Bc8 22. Bd4 Bd7 23. Ne2 Rc8 24. Kd2 Rg8 25. Bc3 g6 26. fxe6 fxe6 27. Nf4 Rxc3
28. Kxc3 Bg7+ 29. Kd2 Ke7 30. Ne2 Rf8 31. d4 Rf2 {0-1 Sax,G-Tringov,G/Osijek
1978/EXT 99 (31)}) (11. Qd2 Nxd4 12. Bxd4 Bb7 13. Bd3 Nc5 14. Qe2 b4 15. Nb1
Nxd3+ 16. cxd3 Qc1+ 17. Qd1 Qxd1+ 18. Kxd1 Rc8 19. Nd2 h6 20. g6 fxg6 21. Rxg6
Kf7 22. Rg3 $14 {1/2-1/2 Kanbegawa,M-Victor,G/Dubai 1986/TD (59)}) 11... Qxc6
12. Qd4 Bb7 $2 (12... Rb8 $5 {/\b4 was to be preferred. The text move allows
White to develop a dangerous initiative on the queenside.}) 13. a4 $1 {[%csl
Rb5,Rc6][%cal Ga1a4,Ga4c4,Gc4c6,Ga4b5]} bxa4 ({After} 13... b4 14. Qxb4 d5 15.
exd5 Bxb4 16. dxc6 Bxc6 {Black does not have a sufficient compensation for the
sacrificed pawn}) (13... e5 $2 {is bad in view of} 14. axb5 $1 axb5 15. Rxa8+
Bxa8 16. Qa7 b4 17. Nd5 {, threatening 18.Qa8+ and 18.Bb5.}) 14. Rxa4 {
Threatening 15.Rc4.} e5 $2 ({After this move Black has probably no real
chances to save the game. Essential was} 14... Nb8 {, intending to remove
White's queen from the center after 15... Qd7 followed by 16...Nc6.}) 15. Qd1 {
[%csl Rc6,Rd5][%cal Ga4c4,Gc4c6,Gc3d5]} exf4 (15... Nb6 $2 {fails to} 16. Rb4)
16. Rc4 Nc5 ({The queen sacrifice} 16... fxe3 17. Rxc6 Bxc6 {is insufficient.
After} 18. Nd5 {Black has very little chance to save the game.}) 17. Bxf4 {
Threatening 18.b4.} Qb6 18. Be3 $1 {[%csl Rb6,Rc5][%cal Ge3b6,Gb2b4] Resuming
the threat and offering the precisely calculated pawn sacrifice.} ({After the
premature} 18. b4 $2 Ne6 $1 (18... Nd3+ $2 {loses after} 19. cxd3 $1 Qxg1 20.
Qa4+ Kd8 21. Qa5+ $18) 19. Rg4 Nxf4 20. Rxf4 Qe3+ 21. Ne2 Be7 22. h4 h6 {
Black obtains excellent counterplay.}) 18... Qxb2 19. Nd5 Bxd5 (19... Rc8 {
falls short after} 20. Bh3 Rc6 21. Rxc5 $1 (21. Bxc5 Qb5) 21... Rxc5 (21...
dxc5 22. Nf6+ $1 gxf6 23. Qd7#) 22. Bxc5 Bxd5 23. Bd4 Qa3 24. Rg3 $18) 20. Qxd5
Rd8 (20... Qb7 $4 {losees on the spot after} 21. Rxc5) 21. Rxc5 $1 (21. Bxc5 $5
dxc5 22. Qc6+ {also yielded White a large advantage, but the text move is the
most direct way to convert White's advantage.}) 21... dxc5 22. Qc6+ Rd7 23.
Bxa6 (23. Bh3 {falls short after} Qb7) 23... c4 24. Ke2 Bb4 (24... Qxc2+ 25.
Kf3) 25. Bb5 Qxc2+ 26. Kf3 Qd3 27. Ba4 $1 {The decisive move. Now Black is
defenseless against the threat 28.Rd1.} f5 28. Rd1 ({Black resigned as after} 
28. Rd1 Qxe4+ 29. Qxe4+ fxe4+ 30. Kxe4 {his position is entirely lost.}) 1-0

[Event "Olympiad-33"]
[Site "Elista"]
[Date "1998.10.10"]
[Round "11.3"]
[White "Spasov, Vasil"]
[Black "Lutz, Christopher"]
[Result "0-1"]
[WhiteElo "2595"]
[BlackElo "2600"]
[Annotator "Atlas,V"]
[PlyCount "88"]
[EventDate "1998.09.29"]
[EventType "team-swiss"]
[EventRounds "13"]
[EventCountry "RUS"]
[SourceTitle "CBM 068"]
[Source "ChessBase"]
[SourceDate "1999.02.01"]
[SourceVersion "1"]
[SourceVersionDate "1999.02.01"]
[SourceQuality "1"]
[WhiteTeam "Bulgaria"]
[BlackTeam "Germany"]
[WhiteTeamCountry "BUL"]
[BlackTeamCountry "GER"]

1. e4 c5 2. Nf3 d6 3. d4 cxd4 4. Nxd4 Nf6 5. Nc3 a6 6. Be3 e6 7. g4 h6 8. h3 b5
9. Bg2 Bb7 10. a3 Nbd7 11. Nde2 g5 $5 ({An important alternative to the
standard lines} 11... Rc8 12. f4 Nb6 13. Qd3 Nc4 14. Bc1 d5 15. e5 Nd7 16. b3
Ncb6 17. O-O Qc7 18. Bb2 h5 19. g5 g6 20. Nd4 b4 {1/2-1/2 Hossain,
E-Lhagvasuren,C/Elista 1998/CBM 66 ext (45)}) ({and} 11... Be7 12. O-O (12. f4
Qc7 13. O-O Nb6 14. b3 O-O-O 15. Qe1 d5 16. e5 Nfd7 17. a4 b4 18. a5 Bc5 19.
Nd1 Na8 20. Bxc5 Qxc5+ 21. Qf2 Kb8 22. Qxc5 Nxc5 {1-0 Stefansson,H-Gurevich,V/
Cappelle 1993/TD (49)}) 12... Rc8 13. Ng3 Ne5 14. Bd4 Nc6 15. Be3 Ne5 16. Nce2
Qc7 17. f4 Nc4 18. Bc1 Qb6+ 19. Kh2 Ne3 20. Bxe3 Qxe3 21. Qd3 Qxd3 22. cxd3 Nd7
{1/2-1/2 Simacek,P-Helbich,J/Olomouc 1998/EXT 99 (37)}) 12. f4 ({If} 12. Ng3 {
then} Ne5) 12... gxf4 13. Nxf4 Ne5 14. Nd3 Nfd7 15. O-O Be7 (15... Bg7 {
also deserved serious attention.}) 16. a4 bxa4 17. Rxa4 Bg5 18. Bf2 Bh4 {
Insisting on the bishop exchange, which allows Black to develop a dangerous
attack on the king side while keeping his king in the center.} 19. Bxh4 (19.
Bd4 {an intersting alternative.}) 19... Qxh4 20. Nf4 h5 $1 {This pawn
sacrifice aims at opening the h-file.} (20... Ke7 {is met by} 21. Nh5) 21. Nxh5
Ke7 22. Rd4 (22. Qe1 {was an option here.}) 22... Rag8 23. Rxd6 (23. Qe1 {
is elegantly refuted by} Rxh5 $1 24. gxh5 Nf3+ $19) (23. Ne2 {(/\Nef4) yields
Black a strong attack after} Rxg4 24. hxg4 Nxg4) 23... Rxh5 {[%mdl 640] Signal
to the attack!} 24. gxh5 Qxh3 25. Rd2 $2 ({Correct was} 25. Rxd7+ $1 Nxd7 26.
Rxf7+ Kxf7 27. Qxd7+ Kf6 (27... Kf8 $4 28. Qd8+ Kf7 29. Qxg8+ $18) 28. e5+ Kxe5
29. Qc7+ Kf6 30. Qxb7 Qe3+ 31. Kf1 (31. Kh1 Qe1+ $11) 31... Qc1+ 32. Kf2 Qxc2+
33. Ne2 Qc5+ 34. Kf1 Qxh5 35. Nc3 {As a result of the tactical operations,
White retains a strong initiative and has clearly better chances. After the
text move Black develops a dangerous attack.}) 25... Nf6 26. Rxf6 ({White
prefers to return an exchange.} 26. Rdf2 {fails to} Rg3 {/\Neg4-+}) 26... Kxf6
27. Rf2+ Ke7 28. Kf1 Qg3 29. Rd2 $2 ({After} 29. Ne2 {Black has a choice
between} Qh4 {/\Ng4} ({and} 29... Qe3 30. Qd4 Ng4 $1 31. Qb4+ Ke8 32. Qa4+ {
, with draw by perpetual.})) ({If} 29. Qd4 {then} Ng4 {, with attack.}) {
After the text move Black has a way to involve his bishop into attack.} 29...
a5 $1 {[%csl Rf1][%cal Gb7a6,Ga6f1,Gg8g2,Ge5f3]} 30. Nb5 (30. Qe2 {falls short
after} Rg4 {/\Rf4 followed by ...Nf3+.}) 30... Ba6 31. c4 Rg4 (31... Nxc4 32.
Rd7+ Kf6 {was also sufficient for win.}) 32. Rf2 Nxc4 33. Rxf7+ Kxf7 34. Qd7+
Kf8 35. Qd8+ Kf7 36. Qd7+ Kf8 37. Qd8+ Kg7 38. h6+ (38. Qe7+ Kh8 39. Qf8+ Kh7 {
winning}) 38... Kh7 $1 ({The winning move. Wrong was} 38... Kxh6 $2 39. Qh8+
Kg6 (39... Kg5 40. Qg7+ Kf4 41. Qf6+ Ke3 42. Qd4+ Kf4 43. Qf6+ $11) 40. Qg8+
Kf6 41. Qf8+ Ke5 42. Qb8+ {, with draw by perpetual.}) 39. Qe7+ Kh8 40. Qf6+
Kh7 41. Qf7+ Rg7 $1 {The final subtlety.} 42. hxg7 (42. Qxg7+ Qxg7 43. hxg7
Nxb2 {or 43...Bb5 is hopeless for White.}) 42... Ne3+ 43. Ke2 Bxb5+ 44. Kd2
Nc4+ 0-1

[Event "RUS-Cup3"]
[Site "Omsk"]
[Date "1996.??.??"]
[Round "3"]
[White "Korneev, Oleg"]
[Black "Purtov, Andrei"]
[Result "1-0"]
[WhiteElo "2565"]
[BlackElo "2400"]
[Annotator "Atlas,V"]
[PlyCount "66"]
[EventDate "1996.12.13"]
[EventType "swiss"]
[EventRounds "9"]
[EventCountry "RUS"]
[SourceTitle "CBM 057"]
[Source "ChessBase"]
[SourceDate "1997.04.01"]
[SourceVersion "1"]
[SourceVersionDate "1997.04.01"]
[SourceQuality "1"]

1. e4 c5 2. Nf3 d6 3. d4 cxd4 4. Nxd4 Nf6 5. Nc3 a6 6. Be3 e6 7. g4 b5 8. g5
Nfd7 9. a3 Nb6 ({The main alternatives are:} 9... Qc7 10. f4 Nc6 11. Nxc6 Qxc6
12. Qd4 e5 13. Qd2 exf4 14. Bxf4 Ne5 15. O-O-O Be6 16. Nd5 Rc8 17. Kb1 Be7 18.
h4 Nf3 19. Qf2 Ne5 20. Bh3 Qc5 21. Be3 Qc6 22. h5 $40 {Nevednicii,V-Suba,M/
mvc-igm 1996}) (9... Bb7 10. h4 Nb6 11. h5 N8d7 12. g6 hxg6 13. hxg6 Rxh1 14.
gxf7+ Kxf7 15. Qf3+ Nf6 16. Qxh1 Qc7 17. Nf3 Kg8 18. Ng5 Re8 19. O-O-O d5 20.
Qh3 Bc8 21. Bxb5 {1-0 Svidler,P-Nepomnishay,M/St.Petersburg-ch 1996}) 10. h4
N8d7 11. f4 $5 ({This move was recommended, but never tested in tournament
practice. The conventional continuation is} 11. h5 Ne5 12. Rh3 (12. f4 Nec4 13.
Bc1 e5 14. Nc6 Qc7 15. Nb4 exf4 16. Nbd5 Qb7 17. Nxb6 Nxb6 18. Bxf4 Be6 19. Qd4
Rg8 20. O-O-O O-O-O 21. a4 Nc4 22. axb5 axb5 23. Nd5 Qa6 24. b3 {~~ Maksimenko,
A-Tringov,G/Pozarevac 1994}) 12... Qc7 13. g6 hxg6 14. hxg6 Nxg6 15. Rxh8 Nxh8
16. Qh5 Ng6 17. Bh3 e5 18. Nf5 Ne7 19. Qh8 Nxf5 20. exf5 Bb7 21. O-O-O Nc4 22.
f6 gxf6 23. Qxf6 Nxa3 24. Rg1 Bc8 25. Rg8 Bxh3 26. Rxf8+ {1-0 Savereide,
D-Markovic,G/Malta ol 1980. The idea of the text move is to prevent 11... Ne5,
intending on accomplishing the development and resuming attack on the kingside.
}) 11... Qc7 12. Qd2 Nc5 ({Here} 12... Bb7 {/\0-0-0 leads to the interesting
complications:} 13. O-O-O O-O-O 14. Ndxb5 $5 axb5 15. Nxb5 Qb8 16. Bg2 $40 (16.
Qc3+ Nc5 $140 17. Nxd6+ $2 (17. b4 Nba4) 17... Bxd6 18. Bxc5 Na4 $19)) 13.
O-O-O Bb7 14. Bd3 Rc8 $6 ({A risky continuation.} 14... O-O-O {represents a
more solid method of defence.}) 15. Kb1 Nba4 16. Nde2 $1 {Neutralizing Black's
activity.} Be7 17. Rhf1 {Threatening f5.} Nxd3 ({Black could have tried} 17...
O-O {, but after} 18. f5 Rfe8 19. f6 {White's attack is very dangerous.}) 18.
cxd3 Nc5 $2 ({Unnecessary loss of tempo.} 18... O-O {was to be preferred,
though after this move White has excellent attacking perspectives.}) 19. f5 Qd7
20. Bd4 $1 Nb3 $6 (20... e5 {was better in this position.}) 21. Qc2 Nxd4 22.
Nxd4 Bd8 $2 (22... e5 {could complicate White's task.}) 23. fxe6 $1 {Depriving
Black of the last hope.} fxe6 24. Qb3 e5 25. Nf5 Ba5 26. Nd5 {Threatening 27.
Nde7 Rc5 28.Ng7+ Ke7 29.Rf7+-} Rc5 27. d4 Bxd5 (27... exd4 28. Rxd4 {/\29.Nd6
Qd6 30.Nf6+-}) 28. exd5 Rc4 29. Qg3 $1 {The final subtlety.} g6 (29... O-O 30.
Nh6+ gxh6 31. gxh6+ $18) 30. Nh6 b4 31. dxe5 bxa3 32. exd6 axb2 33. Qe5+ Kd8
1-0

[Event "Koop Tjuchem"]
[Site "Groningen"]
[Date "1996.??.??"]
[Round "1"]
[White "Shirov, Alexei"]
[Black "Van Wely, Loek"]
[Result "0-1"]
[WhiteElo "2685"]
[BlackElo "2605"]
[Annotator "Atlas,V"]
[PlyCount "80"]
[EventDate "1996.12.20"]
[EventType "tourn"]
[EventRounds "11"]
[EventCountry "NED"]
[EventCategory "16"]
[SourceTitle "CBM 057"]
[Source "ChessBase"]
[SourceDate "1997.04.01"]
[SourceVersion "1"]
[SourceVersionDate "1997.04.01"]
[SourceQuality "1"]

1. e4 c5 2. Nf3 d6 3. d4 cxd4 4. Nxd4 Nf6 5. Nc3 a6 6. Be3 e6 7. g4 h6 8. f4 b5
9. Bg2 Bb7 10. a3 ({An immediate} 10. g5 {yields Black good counterchances:}
hxg5 11. fxg5 b4 12. Na4 Nh5 13. O-O Nd7 14. g6 Nhf6 15. c3 Ne5 16. gxf7+ Kxf7
17. cxb4 Rh4 18. Qb3 Qe8 19. Rac1 Bxe4 20. Rc7+ Kg8 21. Nxe6 Rg4 22. Rxf6 Rxg2+
23. Kf1 Qb5+ {0-1 Ivanchuk,V-Topalov,V/Las Palmas 1996}) 10... Nbd7 11. O-O ({
Shirov's attempt} 11. g5 {played into Black's hands in his recent encounter
with van Wely:} hxg5 12. fxg5 Nh5 13. g6 Ne5 14. gxf7+ Kxf7 15. O-O+ Nf6 16.
Nf3 Nxf3+ 17. Bxf3 Qc7 18. e5 dxe5 19. Bxb7 Qxb7 20. Qg4 Rc8 21. Ne4 Rc4 $17 {
Shirov,A-Van Wely,L/Tilburg Fontys 1996. The text is more prudent and creates
complicated defensive problems for Black.}) 11... g6 12. Qe2 e5 (12... Bg7 $2
13. e5 Bxg2 (13... dxe5 14. Bxb7 exd4 15. Bxd4 Rb8 16. Bxa6 $18) 14. exf6 Bxf1
15. fxg7 Bxe2 16. gxh8=Q+ $18) (12... Qc7 13. e5 dxe5 14. fxe5 $40) 13. Nb3
exf4 14. Bxf4 Ne5 15. Rad1 (15. g5 $6 {is met by} Nh5) 15... Nfxg4 16. Nd5 (16.
h3 Qb6+ 17. Kh1 Nf6) 16... Bxd5 17. exd5 g5 (17... Bg7 $2 {is bad in view of}
18. h3 Qb6+ 19. Nd4 Nf6 20. Bxe5 $18) 18. Bg3 h5 19. Nd4 (19. h3 {is met by} h4
) 19... Bg7 20. h3 (20. Nc6 $6 Qb6+) 20... h4 21. Be1 Nh6 22. Qh5 $2 ({
Unfortunate sacrifice. After} 22. Nc6 Qc7 (22... Qb6+ 23. Bf2 Qc7 24. Qh5) 23.
Ba5 $5 {White has a good play, e.g.:} (23. Qh5 $2 Nhg4 24. Qxg5 Bh6 25. Qf5 Ne3
26. Qf6 Rg8) 23... Qd7 24. Bc3 O-O 25. Bxe5 Rae8 26. Qh5) 22... Nhg4 $1 23.
hxg4 (23. Ne6 $2 Qb6+ (23... Rxh5 24. Nxd8 Ne3 $19) 24. Bf2 Nxf2 25. Nxg7+ Kd7
$19) 23... Rxh5 24. gxh5 Ng4 {White does not have a sufficient compensation
for the queen. besides the text move, Black could try} (24... Qc7 $5 25. Nf5
Bh8 $17 {/\0-0-0}) 25. Nc6 Qb6+ 26. Kh1 Kf8 27. Rd3 Re8 28. Rdf3 Kg8 {The
outcome of the queen sacrifice is self-evident: White did not get a sufficient
compensation for the queen and has very little chance to save the game.} 29.
Ba5 (29. Rxf7 $4 Rxe1 $19) 29... Qc5 30. Rxf7 Ne3 31. h6 Bxh6 32. Re7 Rf8 {
The simplest. Now White is deprived of the last hope.} 33. Rxf8+ Bxf8 34. Bb4
Qb6 35. Re6 Nxg2 36. Kxg2 Kh7 37. Re4 Qb7 38. Rg4 Qf7 39. Nd4 Qxd5+ 40. Nf3 Be7
0-1

[Event "Sarajevo Bosnia 29th"]
[Site "Sarajevo"]
[Date "1999.05.19"]
[Round "3"]
[White "Adams, Michael"]
[Black "Sokolov, Ivan"]
[Result "1-0"]
[WhiteElo "2716"]
[BlackElo "2624"]
[Annotator "Atlas,V"]
[PlyCount "63"]
[EventDate "1999.05.17"]
[EventType "tourn"]
[EventRounds "9"]
[EventCountry "BIH"]
[EventCategory "19"]
[SourceTitle "CBM 071"]
[Source "ChessBase"]
[SourceDate "1999.08.01"]
[SourceVersion "1"]
[SourceVersionDate "1999.08.01"]
[SourceQuality "1"]

1. e4 c5 2. Nf3 e6 3. d4 cxd4 4. Nxd4 Nf6 5. Nc3 d6 6. g4 h6 7. h3 a6 8. Bg2 g5
9. Be3 (9. h4 Rg8 10. hxg5 hxg5 11. Be3 Nbd7 12. f3 Ne5 13. Bf1 Be7 14. Qd2
Nfd7 15. O-O-O Nf8 16. Rh5 Bd7 17. Qf2 Bc6 18. Be2 Rc8 19. Kb1 Qc7 20. Rdh1 b5
21. Rh8 Rxh8 22. Rxh8 {1-0 Pyhala,A-Hakulinen,E/FIN 1991/EXT 97 (54)}) 9...
Nbd7 10. Qe2 Ne5 (10... Qc7 11. O-O-O Rb8 12. h4 Rg8 13. hxg5 hxg5 14. f4 gxf4
15. Bxf4 Rxg4 16. Ndb5 axb5 17. Nxb5 Qa5 18. Nxd6+ Bxd6 19. Bxd6 {1-0
Mikhaletz,L-Vegh,E/Budapest 1998/CBM 63 ext (30)}) 11. O-O-O Bd7 (11... Qc7 12.
f4 gxf4 13. Bxf4 b5 14. Qf2 Nfd7 15. Kb1 Bb7 16. Rhe1 Be7 17. Nce2 O-O-O 18.
Bc1 Nc5 {1/2-1/2 Shirov,A-Sax,G/BL9293 1993/GER-chT (62)}) 12. Nf3 $1 Qa5 13.
Kb1 Be7 14. Nxe5 dxe5 (14... Qxe5 $2 {is bad in view of} 15. Bd4 Qa5 16. e5)
15. h4 Rg8 16. hxg5 hxg5 17. Rh6 Bc6 18. Qf3 Nd7 19. Rh7 (19. Nd5 {is met} exd5
20. exd5 Bb5 21. d6 Bc6) 19... Nf6 (19... Rf8 {deserved serious attention here.
}) 20. Rh6 Nd7 21. Bf1 Rd8 (21... b5 {is strongly met} 22. Nd5 exd5 23. Rxc6 (
23. exd5 Bb7) 23... d4 24. Bd2 Bb4 25. c3 dxc3 26. Bxc3 $40) 22. Bc4 Nf8 $2 ({
After this mistake White develops an irresistible attack. Both} 22... b5 23.
Bb3 Nc5 (23... b4 $2 24. Nd5 $1 exd5 25. Rxc6 $18)) ({and} 22... Nc5 23. Rxd8+
(23. Nd5 $143 $2 Nxe4 24. Bb6 Nd2+ $19 (24... Qxb6 25. Nxb6 Nc3+ $19 {!}))
23... Qxd8 {yielded Black some counterchances.}) 23. Nd5 $3 {[%cal Ge3b6,Gd5b6,
Gd5c7][%mdl 640] Threatening 24.Bb6 followed by 25.Nc7#.} exd5 24. exd5 Qb4 (
24... Bb5 {was more stubborn, although after} 25. Bb6 {Black's position is
very difficult.}) 25. dxc6 Rxd1+ 26. Qxd1 Qxc4 27. b3 Qb4 28. a3 $1 (28. c7 {
fails to} Qc3) 28... Qa5 (28... Qb5 {is strongly met by} 29. c4) 29. cxb7 Nd7 (
29... Qc7 {is refuted by} 30. Qd5 Nd7 (30... Ne6 31. Ba7 Nf4 32. b8=Q+ Qxb8 33.
Qc6+ $18) 31. Rxa6 {followed by 32.Ra8 and 33.Ba7, with the decisive threats.})
30. Rc6 Bd8 31. Rc8 Ke7 ({If} 31... Rg6 {then} 32. b4 Qxa3 33. Rxd8+ Kxd8 34.
b8=Q+) 32. Bc5+ (32. Bc5+ Ke8 33. Qd6 {/\Qe7#}) 1-0

[Event "MK Cafe Cup-A"]
[Site "Koszalin"]
[Date "1999.08.11"]
[Round "8"]
[White "Dworakowska, Joanna"]
[Black "Kempinski, Robert"]
[Result "0-1"]
[WhiteElo "2306"]
[BlackElo "2549"]
[Annotator "Atlas,V"]
[PlyCount "68"]
[EventDate "1999.08.03"]
[EventType "swiss"]
[EventRounds "9"]
[EventCountry "POL"]
[SourceTitle "CBM 073"]
[Source "ChessBase"]
[SourceDate "1999.12.01"]
[SourceVersion "1"]
[SourceVersionDate "1999.12.01"]
[SourceQuality "1"]

1. e4 c5 2. Nf3 d6 3. d4 cxd4 4. Nxd4 Nf6 5. Nc3 a6 (5... e6 6. Be3 a6 7. g4 h6
8. f4 Qb6 9. a3 Bd7 10. Bg1 Qc7 11. Qe2 Nc6 12. O-O-O O-O-O 13. h3 Be7 14. Kb1
Nxd4 15. Bxd4 e5 16. Be3 exf4 17. Bxf4 Rhe8 18. Bg2 Be6 19. Rd4 Nd7 20. Rhd1
Ne5 21. Nd5 Bxd5 22. Rxd5 Bf6 23. Bf1 Re6 24. Qd2 Kd7 25. h4 {1-0 Hracek,
Z-Stocek,J/CZE-chT 9596 1996/EXT 98 (69)}) 6. Be3 Ng4 (6... e6 7. g4 h6 8. f4
Qb6 9. a3 Nc6 (9... Bd7 10. Bg1 Qc7 11. h3 Nc6 12. Qd2 Be7 13. O-O-O g5 14.
fxg5 hxg5 15. Be2 Rg8 16. Be3 b5 17. Rhf1 b4 18. axb4 Nxb4 19. Kb1 Rb8 20. Bxg5
Nfd5 21. Nxd5 Nxd5 22. exd5 Rxg5 23. Qf4 Rg7 24. Qh6 Bf8 25. dxe6 Bxe6 26. Bxa6
Qc3 27. Bb5+ Rxb5 28. Nxb5 {1-0 Svidler,P-Hracek,Z/Bad Homburg 1997/CBM 60 (46)
}) 10. Be2 Qc7 11. Nb3 b5 12. Bf3 Bb7 13. Qe2 O-O-O 14. O-O-O Be7 15. h4 Nd7
16. g5 g6 17. Kb1 h5 18. Qf2 Kb8 19. Rhe1 Rhe8 20. a4 bxa4 21. Nxa4 Bf8 22. Nb6
Nc5 23. Nxc5 dxc5 24. Nc4 Na5 {1/2-1/2 Leko,P-Polgar,J/Leon 1996/CBM 54 (36)})
7. Bc1 Nf6 8. Be3 e6 9. g4 h6 10. f4 Qb6 11. a3 Bd7 12. h3 $6 {Svidler opted
in this position for Bg1 and managed to develop dangerous initiative in his
game against Hracek, Bad Homburg 1999 (see my annotations to this game in CBM
60. The text move allows Black to grab the b2-pawn.} e5 $1 ({The strongest
objection to White's setup. Premature} 12... Qxb2 {is refuted by} 13. Nde2 $1 {
(threatening 14.Ra2 winning the queen)} Bb5 14. Bd4 $1 {, and Black loses his
queen.}) 13. Nf5 Qxb2 {[%cal Gd7a4,Gb2c3,Gb2a1][%mdl 1024] Courageous and
probably right decision. The black queen will be exposed to manifold threats
within several moves, but Black has enough resources to justify his courageous
undertaking.} 14. Kd2 $6 ({Consequent, but, probably, not the strongest move.} 
14. Bd2 $5 Qb6 15. Bg2 {was an interesting alternative here.} (15. g5 $2 {
fails to} hxg5 16. fxg5 Nxe4 $17)) 14... exf4 15. Bf2 Nc6 16. Bd3 ({Certainly,
not} 16. Ra2 $4 Nxe4+ {winning}) (16. Bg2 {falls short after} Na5 {, and if}
17. Ra2 {then} Nc4+ 18. Kd3 Qxa2 $1 19. Nxa2 Nb2+) 16... Na5 {[%csl Rd2][%cal
Ga5b3,Gb2d2] Threatening 17...Nb3+.} 17. Ra2 Nb3+ 18. Ke2 Qxc3 19. cxb3 Bxf5
20. exf5 Be7 21. Bd4 (21. Rc2 Qe5+ (21... Qxb3 $4 22. Rc8+ $18) 22. Kf1 O-O (
22... Nd5 $5) 23. Re2 Qd5 {should be sufficient for win.}) 21... Qc6 (21...
Qxd4 $4 {loses on the spot in view of} 22. Bb5+) 22. Kf2 O-O $17 {/-+} 23. Qf3
d5 24. Qxf4 Bc5 $1 {[%csl Rd4][%cal Gc5f2] Bishop exchange deprives White of
the last chance.} 25. Rc2 Bxd4+ 26. Qxd4 Qd6 {[%cal Gd6a3]} 27. a4 Rfe8 {
[%csl Re4][%cal Ge8e1,Gf6e4] Gaining control over the open e-file and
prepariing the knight's thrust in center,} 28. Rd2 Rad8 29. h4 $2 {Simplfying
Black's task.} (29. Kg2 {was to be preferred, altough after} Ne4 {Black should
easily win.}) 29... h5 $1 $19 {This pawn advancement ruinates White's pawn
fomation on the kingside and catalizes Blacks attack.} 30. gxh5 Nxh5 31. Rg1
Qh6 32. Bf1 Re4 $1 {The decisive rook thrust.} 33. Qxe4 Qxd2+ 34. Qe2 Qd4+ (
34... Qd4+ 35. Qe3 Qxh4+) 0-1